| 000 | 00835nam a2200253 4500 | ||
|---|---|---|---|
| 003 | OSt | ||
| 005 | 20260601171002.0 | ||
| 008 | 260422b1970\\\\nyua||||\||||\00|\0\eng\d | ||
| 040 |
_aICI _bspa _cICI |
||
| 050 |
_aNC997 _bR35 1947 |
||
| 100 | 1 |
_aRand, Paul _d1914 _931661 |
|
| 245 | 1 |
_aThoughts on Design _bReflexions sur l'art graphique _cBy Paul rand ; introd. by e. mcknight kauffer ; illustrations from the author's work |
|
| 246 | 3 | _aReflexions sur l'art graphique | |
| 246 | 3 | _aReflexiones sobre el arte grafico | |
| 264 |
_bWittenborn _c1947 _aNew York |
||
| 300 | _a95 páginas | ||
| 336 |
_atexto _2rdacontent |
||
| 337 |
_asin medio _2rdamedia |
||
| 338 |
_avolumen _2rdacarrier |
||
| 650 |
_aDiseño _92672 |
||
| 650 | _aArte comercial | ||
| 700 |
_a Kauffer, Edward Mcknight _d1890 _e prologuista _931663 |
||
| 942 |
_2ddc _cB |
||
| 999 |
_c20135 _d20135 |
||